000 01317cam a22003618i 4500
999 _c29237
_d29208
001 20830189
003 EG-ScBUE
005 20210726092849.0
008 190130s2019 enk f bd 001 0 eng d
020 _a9780367207939 (pbk.)
040 _aDLC
_beng
_erda
_cDLC
_dEG-ScBUE
082 0 4 _a001.4
_bGOU
_222
100 1 _aGournelos, Ted,
_d1979-
_eauthor.
245 1 0 _aDoing academic research :
_ba practical guide to research methods and analysis /
_cTed Gournelos, Joshua R. Hammonds, Maridath A. Wilson.
250 _aFirst edition.
264 1 _aMilton Park, Abingdon, Oxon ;
_aNew York, NY :
_bRoutledge,
_c2019.
300 _ax, 197 pages ;
_c18 cm
336 _atext
_btxt
_2rdacontent
337 _aunmediated
_bn
_2rdamedia
338 _avolume
_bnc
_2rdacarrier
500 _aIncludes glossary.
504 _aIncludes bibliographical references and index.
650 7 _aSocial sciences
_xResearch
_xMethodology.
_2BUEsh
650 7 _aHumanities
_xResearch
_xMethodology.
_2BUEsh
_934872
650 7 _aBusiness
_xResearch
_xMethodology.
_2BUEsh
650 7 _aScholarly publishing.
_2BUEsh
653 _bCOMSCI
_cJuly2021
655 _vReading book
_934232
906 _a7
_bcbc
_corignew
_d1
_eecip
_f20
_gy-gencatlg
942 _2ddc
_cBB